Statistieken voor Vlaggen van Landen die beginnen met I

Klik hier om de quiz te nemen!

Algemene statistieken

  • Deze quiz is 538 keer genomen
  • De gemiddelde score is 9 van 9

Antwoordstatistieken

Antwoord% Correct
India
100%
Israël
98%
Italië
98%
Irak
97%
Iran
97%
Ierland
96%
IJsland
96%
Indonesië
96%
Ivoorkust
90%

Scoreverdeling

Percentiel versus Aantal Correcte Antwoorden

Procent van Mensen met Elke Score

Uw Scoregeschiedenis

U heeft deze quiz nog niet genomen